Normal view
MARC view
- Tavani, Herman/Richard spinello
Entry Personal Name
001 - CONTROL NUMBER
- control field: 541
003 - CONTROL NUMBER IDENTIFIER
- control field: JO-AjAnu
005 - DATE AND TIME OF LATEST TRANSACTION
- control field: 20230606070408.0
008 - FIXED-LENGTH DATA ELEMENTS
- fixed length control field: 230606|| aca||aabn | a|a d
040 ## - CATALOGING SOURCE
- Original cataloging agency: JO-AjAnu
- Transcribing agency: JO-AjAnu
100 ## - HEADING--PERSONAL NAME
- Personal name: Tavani, Herman/Richard spinello
670 ## - SOURCE DATA FOUND
- Source citation: Work cat.: (JO-AjAnu)287: Tavani, Herman/Richard spinello, author, Readings in Cyberethics